Produkční přístup k odhadu potenciálního produktu - aplikace pro ČR
Problematika odhadu potenciálneho produktu, rovnovážnej miere nezamestnanosti a medzery výstupu v ČR. Odhad potenciálneho produktu pomocou produkčného prístupu. Rovnovážna úroveň nezamestnanosti a tomu odpovedajúca medzera nezamestnanosti.
Salvato in:
| Autore principale: | |
|---|---|
| Altri autori: | |
| Natura: | Capitolo di libro |
| Lingua: | ceco |
| Soggetti: | |
| Tags: |
Nessun Tag, puoi essere il primo ad aggiungerne!!
|
MARC
| LEADER | 00000naa$a2200000$$$4500 | ||
|---|---|---|---|
| 001 | 0077483 | ||
| 005 | 20231107115118.6 | ||
| 041 | 0 | |a cze | |
| 044 | |a CZ | ||
| 245 | 1 | 0 | |a Produkční přístup k odhadu potenciálního produktu - aplikace pro ČR |c Miroslav Hloušek, Jiří Polanský |
| 520 | |a Problematika odhadu potenciálneho produktu, rovnovážnej miere nezamestnanosti a medzery výstupu v ČR. Odhad potenciálneho produktu pomocou produkčného prístupu. Rovnovážna úroveň nezamestnanosti a tomu odpovedajúca medzera nezamestnanosti. | ||
| 610 | 2 | 0 | |a Česko |
| 610 | 2 | 0 | |a nezamestnanosť |
| 610 | 2 | 0 | |a faktory výrobné |
| 610 | 2 | 0 | |a produkt domáci hrubý |
| 610 | 2 | 0 | |a produkt potenciálny |
| 100 | 1 | |a Hloušek, Miroslav | |
| 700 | 1 | |a Polanský, Jiří | |